000 00290nam a22001337a 4500
008 170420b xxu||||| |||| 00| 0 eng d
020 _a2900805368429
041 _aeng
080 _23RD
_a573
100 _a11
101 _aSHM
245 _aESSENTIAL BIOLOGY
_cCAMPBELL
942 _2udc
_cBK
999 _c11320
_d11320